Southville International School and Colleges
Your cart is empty.
  • Cart
  • Lists
    Public lists Eva Luna New books Lux_list list_1
    Your lists Log in to create your own lists
  • Log in to your account
  • Your cookies
  • Search history
Southville International School and Colleges
  • Advanced search
  • Recent comments
  • Most popular
  • Libraries

Log in to your account

Log in with GOOGLE


If you do not have an external account, but do have a local account, you can still log in:

  1. Home
  2. MARC view: Business communication :
Normal view MARC view ISBD view

Business communication : (Record no. 288653)

[ view plain ]
MARC details
000 -LEADER
fixed length control field 00878cam a2200265 a 4500
001 - CONTROL NUMBER
control field 4664614
003 - CONTROL NUMBER IDENTIFIER
control field PILC
005 - DATE AND TIME OF LATEST TRANSACTION
control field 20150909080245.0
008 - FIXED-LENGTH DATA ELEMENTS--GENERAL INFORMATION
fixed length control field 810501s1981 ilua b 001 0 eng
010 ## - LIBRARY OF CONGRESS CONTROL NUMBER
LC control number 80065802
040 ## - CATALOGING SOURCE
Original cataloging agency DLC
Transcribing agency DLC
Modifying agency DLC
050 00 - LIBRARY OF CONGRESS CALL NUMBER
Classification number HF 5718
Item number .H84 1982
082 00 - DEWEY DECIMAL CLASSIFICATION NUMBER
Classification number 658.4/5
100 1# - MAIN ENTRY--PERSONAL NAME
Personal name Huseman, Richard C.
245 10 - TITLE STATEMENT
Title Business communication :
Remainder of title strategies and skills /
Statement of responsibility, etc Richard C. Huseman, James M. Lahiff, John D. Hatfield.
260 ## - PUBLICATION, DISTRIBUTION, ETC. (IMPRINT)
Place of publication, distribution, etc Hinsdale, Ill. :
Name of publisher, distributor, etc Dryden Press,
Date of publication, distribution, etc 1981.
300 ## - PHYSICAL DESCRIPTION
Extent 430 pages :
Other physical details illustrations ;
Dimensions 25 cm.
440 #4 - SERIES STATEMENT/ADDED ENTRY--TITLE
Title The Dryden Press series in management
500 ## - GENERAL NOTE
General note Includes bibliographical references and index.
650 #0 - SUBJECT ADDED ENTRY--TOPICAL TERM
Topical term or geographic name as entry element Business communication.
700 1# - ADDED ENTRY--PERSONAL NAME
Personal name Lahiff, James M.
700 1# - ADDED ENTRY--PERSONAL NAME
Personal name Hatfield, John D.,
Dates associated with a name 1943-
906 ## - LOCAL DATA ELEMENT F, LDF (RLIN)
a 7
b cbc
c orignew
d 2
e opcn
f 19
g y-gencatlg
942 ## - ADDED ENTRY ELEMENTS (KOHA)
Source of classification or shelving scheme Library of Congress Classification
Koha item type Books
Call number prefix Foreign
Holdings
Withdrawn status Lost status Source of classification or shelving scheme Damaged status Home library Current library Shelving location Date acquired Source of acquisition Total Checkouts Full call number Barcode Date last seen Date checked out Price effective from Koha item type
    Library of Congress Classification   Archives Archives   09/09/2015 Donation 1 HF 5718 .H84 1982 C19983 05/15/2018 12/02/2016 09/09/2015 Books

Business communication :

APA

Huseman R. C., Lahiff J. M. & Hatfield J. D. (1981). Business communication. Hinsdale, Ill: Dryden Press.

Chicago

Huseman Richard C, Lahiff James M and Hatfield John D. 1981. Business communication. Hinsdale, Ill: Dryden Press.

Harvard

Huseman R. C., Lahiff J. M. and Hatfield J. D. (1981). Business communication. Hinsdale, Ill: Dryden Press.

MLA

Huseman Richard C, Lahiff James M and Hatfield John D. Business communication. Hinsdale, Ill: Dryden Press. 1981.

  • Place hold
  • Print
  • Cite
  • Add to your cart (remove)
  • Save record
    BIBTEX Dublin Core MARCXML MARC (non-Unicode/MARC-8) MARC (Unicode/UTF-8) MARC (Unicode/UTF-8, Standard) MODS (XML) RIS
  • More searches
    Search for this title in:
    Other Libraries (WorldCat) Other Databases (Google Scholar) Online Stores (Bookfinder.com) Open Library (openlibrary.org)

Exporting to Dublin Core...

SOUTHVILLE LIBRARY

Southville International School and Colleges Library

1281 Tropical Ave. Cor. Luxembourg St., BF Homes International, Las Pinas City

Tel. No. 8256374 / 252358 Loc. 117/146

Powered by Koha